Anna Karênina
Gorde:
| Egile nagusia: | |
|---|---|
| Formatua: | Liburua |
| Etiketak: |
Etiketa erantsi
Etiketarik gabe, Izan zaitez lehena erregistro honi etiketa jartzen!
|
| Thư viện lưu trữ: | Mạng thư viện Đại học Đà Nẵng |
|---|
| LEADER | 00692nam a2200241 4500 | ||
|---|---|---|---|
| 001 | 000004862 | ||
| 003 | 1004 | ||
| 005 | 20150812140859.0 | ||
| 008 | 110805s sd | ||
| 041 | 0 | |a 68000đ | |
| 082 | 1 | |a 891.73 |b TON | |
| 100 | 0 | |a Tônxtôi, Liep | |
| 245 | 0 | 0 | |a Anna Karênina |c Tônxtôi, Liep |
| 774 | |a Tônxtôi, Liep |d Văn hóa thông tin |d H. |d 2002 |g T.1 |h 674 tr. |w 1007 | ||
| 774 | |a Tônxtôi, Liep |d Văn hóa thông tin |d H. |d 2002 |g T.2 |h 550 tr. |w 1008 | ||
| OWN | |a LSP | ||
| 999 | |a From the UDN01 | ||
| TYP | |a Monograph | ||
| TYP | |a Printed language | ||
| 980 | |a Mạng thư viện Đại học Đà Nẵng | ||